Movies Quiz

Random Movies or Oscar Quiz
Score 0/54 Timer 05:00
3 Plays Today
Academy Year Winner % Correct
1954Marlon Brando
81.4%
1972Marlon Brando
81.4%
1972The Godfather
80.1%
1994Tom Hanks
78.2%
1994Forrest Gump
76.3%
1954On the Waterfront
70.8%
1979Dustin Hoffman
70.5%
1988Dustin Hoffman
70.5%
2000Gladiator
67.3%
2000Russell Crowe
66.7%
1988Rain Man
66.1%
1975Jack Nicholson
65.3%
1979Kramer vs. Kramer
65.3%
1975One Flew Over the Cuckoo's Nest
62.6%
2010The King's Speech
62.3%
2010Colin Firth
59.5%
2011The Artist
59.1%
1991The Silence of the Lambs
59%
1991Anthony Hopkins
58.1%
1934Clark Gable
55.7%
1999American Beauty
54%
1999Kevin Spacey
53.4%
1970Patton
49%
1971The French Connection
48%
1982Gandhi
47.8%
1971Gene Hackman
46.9%
1934It Happened One Night
46.9%
Academy Year Winner % Correct
1982Ben Kingsley
46.3%
1970George C. Scott
45.6%
1984Amadeus
44.7%
1959Ben-Hur
43.9%
1959Charlton Heston
42.3%
1955Marty
37.9%
1984F. Murray Abraham
37.2%
1948Laurence Olivier
36.5%
2011Jean Dujardin
36.1%
1948Hamlet
35%
1964My Fair Lady
34.8%
1955Ernest Borgnine
34.6%
1967In the Heat of the Night
32%
1964Rex Harrison
32%
1957The Bridge on the River Kwai
31.3%
1946The Best Years of Our Lives
30.9%
1957Alec Guinness
28.2%
1944Going My Way
28.1%
1944Bing Crosby
28%
1966A Man for All Seasons
27.3%
1967Rod Steiger
26.2%
1945The Lost Weekend
26%
1946Fredric March
24.7%
1949All the King's Men
22.8%
1945Ray Milland
22%
1966Paul Scofield
21.4%
1949Broderick Crawford
17.7%

You're not logged in!

Compare scores with friends on all Sporcle quizzes.
OR
Log In

Sporcle TV

Today on Sporcle TV


Watch our educational content, quiz creation guides, and fun videos on Sporcle TV.

Show Comments

Extras

Top Quizzes Today


Score Distribution

Paid Content

Your Account Isn't Verified!

In order to create a playlist on Sporcle, you need to verify the email address you used during registration. Go to your Sporcle Settings to finish the process.

Report this User

Report this user for behavior that violates our Community Guidelines.

Details: